000 00267nam a2200109Ia 4500
008 190907s9999||||xx |||||||||||||| ||und||
100 _aCotter,Sean
245 0 _aInside Taligent Technology
260 _aNew York
_bAddision-Wesley
_c1995
300 _a476
942 _cBK
999 _c6491
_d6491